| 000 | 00864nam a2200229 a 4500 | ||
|---|---|---|---|
| 001 | 53015 | ||
| 003 | BD-RjUL | ||
| 005 | 20211209075908.0 | ||
| 008 | 161002s1946 ii ||||| |||| 00| 0 ben d | ||
| 020 | _c: IRs 2.50 | ||
| 035 | _a(BD-RjUL)53135 | ||
| 040 |
_aBD-RjUL _bben _cBD-RjUL |
||
| 041 | _aben | ||
| 082 |
_223 _a891.4409 _bMIS 1946 |
||
| 100 |
_aমিত্র, হরপ্রসাদ _9158455 |
||
| 245 | 1 | 0 |
_aসাহিত্য-পরিক্রমা / _cহরপ্রসাদ মিত্র |
| 260 |
_aকলিকাতা : _bমিত্র ও ঘোষ, _c১৯৪৬ |
||
| 300 |
_a১৫২ পৃ. ; _c১৭ সেমি. |
||
| 650 |
_aবাংলা সাহিত্য _xইতিহাস ও সমালোচনা _9158456 |
||
| 650 |
_aBengali Literature _xHistory & Criticism _9158457 |
||
| 942 |
_2ddc _cBK |
||
| 999 |
_c53015 _d53015 |
||